00953cam a2200253 a 450000100100000000500170001000800410002702000150006804000250008308200200010810000400012824500500016826000580021830000210027649000440029758600410034165000300038265000320041265000270044465000360047183000530050795201240056099900150068400001001120200929161812.0981015s1998 ck 000 p spa  a9588052009 aDO-SdBNPbspacBNPHU aCo861.44bT693v1 aTorres Duque, Óscar,d1963-9867710aVisitación del hoy /cÓscar Torres Duque. aBogotá, (Colombia) :bMinisterio de Cultura,c1998. a139 p. ;c21 cm.1 aPremios nacionales de culturaaPoesía aPremios nacionales de cultura, 1997. 4aPoesía colombiana93742 4aLiteratura colombiana91244 4aPoesía amorosa99227 4aVida cotidianaxPoesía915503 0aPremios nacionales de cultura ;pPoesía924956 001052708MOaGRbGRcCTd2009-10-02iLF1l0oCo861.44 T693vp10011-10r2020-06-25w2020-06-25y2ZPréstamo interno c9770d9770